书目信息 |
| 题名: |
走进美国生活英语
|
|
| 作者: | 帕森斯, 著 | |
| 分册: | ||
| 出版信息: | 大连 大连理工大学出版社 2005.01 |
|
| 页数: | xxi, 585页 | |
| 开本: | 21cm | |
| 丛书名: | ||
| 单 册: | ||
| 中图分类: | H319.9 | |
| 科图分类: | ||
| 主题词: | 英语--ying yu--口语 | |
| 电子资源: | ||
| ISBN: | 7-5611-2805-3 | |
| 000 | 01090nam0 2200253 450 | |
| 001 | 010232335031 | |
| 005 | 20051012100104.57 | |
| 010 | @a7-5611-2805-3@dCNY26.80 | |
| 100 | @a20050520d2005 km y0chiy0120 ea | |
| 101 | 0 | @achi@aeng |
| 102 | @aCN@b210000 | |
| 105 | @aac z 000yy | |
| 200 | 1 | @a走进美国生活英语@Azou jin mei guo sheng huo ying yu@fChristopher Alexander Parsons著@FChristopher Alexander Parsons zhu |
| 210 | @a大连@c大连理工大学出版社@d2005.01 | |
| 215 | @axxi, 585页@c图, 肖像@d21cm | |
| 312 | @a并列题名取自封面。 | |
| 314 | @a责任者规范汉译姓: 帕森斯 | |
| 330 | @a要说好英语,就要先相信自己的英语很好,要先树立自己的信心。如何树立信心呢?首先该从简单的、实用的生活常用语练起,不用很多,越贴近生活越好,从你日常的起居,从你每日生活必须接触的东西学起,熟练掌握它们,不要去学它们的语法结构,先学会说,最好能不通过大脑脱口而出。 | |
| 510 | 1 | @aMy American Life@zeng |
| 606 | 0 | @a英语@Aying yu@x口语 |
| 690 | @aH319.9@v4 | |
| 701 | 1 | @a帕森斯,@Apa sen si,@bC. A.@g(Parsons, Christopher Alexander)@4著 |
| 801 | 0 | @aCN@bQSSK@c20051012 |
| 905 | @a10447@dH319.9@eP036 | |
| 走进美国生活英语/Christopher Alexander Parsons著.-大连:大连理工大学出版社,2005.01 |
| xxi, 585页:图, 肖像;21cm |
| ISBN 7-5611-2805-3:CNY26.80 |
| 要说好英语,就要先相信自己的英语很好,要先树立自己的信心。如何树立信心呢?首先该从简单的、实用的生活常用语练起,不用很多,越贴近生活越好,从你日常的起居,从你每日生活必须接触的东西学起,熟练掌握它们,不要去学它们的语法结构,先学会说,最好能不通过大脑脱口而出。 |
| ● |
| 相关链接 |
|
|
|
正题名:走进美国生活英语
索取号:H319.9/P036
 
预约/预借
| 序号 | 登录号 | 条形码 | 馆藏地/架位号 | 状态 | 备注 |
| 1 | 566225 | 205662255 | 语言库209/209语言库 105排2列3层/ [索取号:H319.9/P036] | 在馆 | |
| 2 | 566226 | 205662264 | 语言库209/209语言库 105排2列3层/ [索取号:H319.9/P036] | 在馆 | |
| 3 | 566227 | 205662273 | 自科二线404/209语言库 105排2列3层/ [索取号:H319.9/P036] | 在馆 | |
| 4 | 566228 | 205662282 | 语言库209/209语言库 105排2列3层/ [索取号:H319.9/P036] | 在馆 | |
| 5 | 566229 | 205662291 | 语言库209/209语言库 105排2列3层/ [索取号:H319.9/P036] | 在馆 |